2004 Champions League Final Monaco - Porto - Statistics

General Stats
  • This quiz has been taken 495 times
  • The average score is 12 of 30
Answer Stats
Player % Correct
Deco ¹
89%
José Mourinho
78%
Ricardo Carvalho
77%
Vítor Baía
60%
Fernando Morientes
59%
Paulo Ferreira
55%
Patrice Evra
54%
Jorge Costa
53%
Maniche
52%
Ludovic Giuly
50%
Didier Deschamps
47%
Carlos Alberto ¹
46%
Costinha
46%
Derlei
41%
Dmitri Alenichev ¹
38%
Nuno Valente
38%
Benni McCarthy
35%
Jérôme Rothen
35%
Dado Pršo
31%
Pedro Mendes
29%
Flavio Roma
28%
Édouard Cissé
20%
Hugo Ibarra
20%
Sébastien Squillaci
20%
Shabani Nonda
20%
Gaël Givet
19%
Andréas Zíkos
18%
Julien Rodriguez
18%
Pedro Emanuel
17%
Lucas Bernardi
16%
No matching quizzes found
Score Distribution
Percent of People with Each Score
Percentile by Number Answered
Your Score History
You have not taken this quiz